000 01136aam a2200337 i 4500
999 _c45410
_d45410
001 768714001
003 CO-MdFUSB
005 20230331062543.0
007 ta
008 200507t1984 -us |||| |||| 00| 0 eng d
020 _a0878404104
040 _bspa.
_aCO-MdFUSB
_cCO-MdFUSB
_dCO-MdFUSBC
_erda
041 _aeng
082 _223
_a241.042
100 1 _aHughes, Gerard J.
_eH893
245 1 0 _aAuthority in morals :
_ban essay in Christian ethics
_c/ Gerard J. Hughes
264 1 _aEstados Unidos : Georgetown University Press
_bGeorgetown University Press,
_c[1978]
264 4 _c© 1978
300 _axix, 1346 páginas
_c; 22 cm
336 _atexto
_btxt
_2rdacontent
337 _2rdamedia
_asin mediación
_bn
338 _2rdacarrier
_avolumen
_bnc
490 _aStudies in ethics
504 _aIncluye bibliografía selecta
505 _aLa autoridad de la tradición cristiana - La autoridad de los hechos - La autoridad de principios morales - La moralidad en la comunidad cristiana
563 _aRústico
650 7 _aÉtica cristiana
_2
_9185
942 _cBK
945 _aJTF-925